000 00528nam a22001817a 4500
008 170330b xxu||||| |||| 00| p tur d
020 _a9750806182
041 _atur
050 _aPL248.E765
100 _a Erözçelik, Seyhan
_9396
245 _aKitaplar Toplu Şiirler 1980-2003
250 _a1. Baskı
260 _aİstanbul
_bYapı Kredi Yayınları
_cHaziran 2003
300 _a482 sayfa
500 _aYapı Kredi Yayınları: 1867; Şiir: 170 3 adet mevcuttur.
650 0 _9145
_aTürk Edebiyatı
942 _2lcc
_cBK
999 _c1095
_d1073